Identificación, sistematización e intercambio de experiencias exitosas para la cohesión social local / Olga Del Rio
Publicado:
Barcelona :
Diputació de Barcelona, Oficina de Coordinación y Orientación del Programa URB-AL III ,
2011
Descripción Física:
77 p. : taules ; 29 cm
Colección:
Guías metodológicas Urb-Al III ; 1
MARC
| LEADER | 00000nam a2200000Ia 4500 | ||
|---|---|---|---|
| 001 | 23342 | ||
| 008 | 160829s2011 xx 000 0 cat d | ||
| 080 | |a M-6-415 | ||
| 100 | |a Río, Olga del |9 47789 | ||
| 245 | |a Identificación, sistematización e intercambio de experiencias exitosas para la cohesión social local / Olga Del Rio | ||
| 260 | |a Barcelona : |b Diputació de Barcelona, Oficina de Coordinación y Orientación del Programa URB-AL III, |c 2011 | ||
| 300 | |a 77 p. : |b taules ; |c 29 cm | ||
| 490 | |a Guías metodológicas Urb-Al III ; 1 | ||
| 650 | |a Ciutats |x Amèrica Llatina |9 47790 | ||
| 650 | 0 | |a Integració social |x Amèrica Llatina |9 47892 | |
| 650 | |a Desenvolupament urbà |x Amèrica Llatina |9 47791 | ||
| 710 | 2 | |a Oficina de Coordinación y Orientación Urb-al III |9 54876 | |
| 901 | |a Arxiu | ||
| 942 | |n 1 | ||
| 952 | |0 0 |1 0 |4 0 |6 M6415 |7 1 |9 54115 |a Arxiu |b Arxiu |d 2012-01-03 |l 0 |o M-6-415 |p 23342 |r 2016-12-01 00:00:00 |w 2016-12-01 |y ARXIU | ||
| 999 | |c 57984 |d 57984 | ||